What does the Bible really teach about homosexuality? / (Record no. 8026)

MARC details
000 -LEADER
fixed length control field 02817cam a2200373 i 4500
001 - CONTROL NUMBER
control field 456187
003 - CONTROL NUMBER IDENTIFIER
control field GBCCL
005 - DATE AND TIME OF LATEST TRANSACTION
control field 20241126110641.0
008 - FIXED-LENGTH DATA ELEMENTS--GENERAL INFORMATION
fixed length control field 150113s2015 ilu b 001 0 eng
010 ## -
-- 2015001438
020 ## - INTERNATIONAL STANDARD BOOK NUMBER
International Standard Book Number 9781433549373 (tp)
020 ## - INTERNATIONAL STANDARD BOOK NUMBER
International Standard Book Number 9788193700860
035 ## - SYSTEM CONTROL NUMBER
System control number (OCoLC)ocn890758085
035 ## - SYSTEM CONTROL NUMBER
System control number (OCoLC)890758085
040 ## - CATALOGING SOURCE
Original cataloging agency DLC
Language of cataloging eng
Description conventions rda
Transcribing agency DLC
Modifying agency IG#
-- YDXCP
-- BTCTA
-- OCLCF
-- SPB
-- SGB
-- TLE
-- LBB
042 ## -
-- pcc
049 ## -
-- LBBK
-- LBBT
-- LBBC
-- LBBA
050 00 -
-- BS680.H67
-- D493 2015
082 00 - DEWEY DECIMAL CLASSIFICATION NUMBER
Classification number 241.664
Edition information 23
Item number DEY
100 1# - MAIN ENTRY--PERSONAL NAME
Personal name DeYoung, Kevin.
9 (RLIN) 8801
245 10 - TITLE STATEMENT
Title What does the Bible really teach about homosexuality? /
Statement of responsibility, etc. Kevin DeYoung.
264 #1 - PRODUCTION, PUBLICATION, DISTRIBUTION, MANUFACTURE, AND COPYRIGHT NOTICE
Place of production, publication, distribution, manufacture Bangalore :
Name of producer, publisher, distributor, manufacturer Omega book world,
Date of production, publication, distribution, manufacture, or copyright notice [2015]
300 ## - PHYSICAL DESCRIPTION
Extent 158 pages ;
Dimensions 21 cm
336 ## - CONTENT TYPE
Content type term text
Content type code txt
Source rdacontent
337 ## - MEDIA TYPE
Media type term unmediated
Media type code n
Source rdamedia
338 ## - CARRIER TYPE
Carrier type term volume
Carrier type code nc
Source rdacarrier
504 ## - BIBLIOGRAPHY, ETC. NOTE
Bibliography, etc. note Includes bibliographical references (pages 151-153) and index.
505 0# - FORMATTED CONTENTS NOTE
Formatted contents note Introduction : What does the Bible teach about everything? -- Part one : Understanding God's Word. -- One man, one woman, one flesh (Genesis 1-2) -- Those infamous cities (Genesis 19) -- Taking a strange book seriously (Leviticus 18, 20) -- The Romans road in the wrong direction (Romans 1) -- A new word from an old place (1 Corinthians 6; 1 Timothy 1) -- Part two : Answering objections. -- "The Bible hardly ever mentions homosexuality" -- "Not that kind of homosexuality" -- "What about gluttony and divorce?" -- "The church is supposed to be a place for broken people" -- "You're on the wrong side of history" -- "It's not fair" -- "The God I worship is a God of love" -- Conclusion : Walking with God and walking with each other in truth and grace -- Appendix 1 : What about same-sex marriage? -- Appendix 2 : Same-sex attraction : three building blocks -- Appendix 3 : The church and homosexuality : ten commitments -- Annotated bibliography.
520 ## - SUMMARY, ETC.
Summary, etc. In this timely book, award-winning author Kevin DeYoung challenges each of us -- the skeptic and the seeker, the certain and the confused -- to take a humble look at God's Word regarding the issue of homosexuality. After examining key biblical passages in both the Old and New Testaments and the Bible's overarching teaching regarding sexuality, DeYoung responds to popular objections raised by Christians and non-Christians alike, making this an indispensable resource for thinking through one of the most pressing issues of our day. - Back cover.
650 #0 - SUBJECT ADDED ENTRY--TOPICAL TERM
Topical term or geographic name entry element Homosexuality
General subdivision Biblical teaching.
9 (RLIN) 4773
650 #7 - SUBJECT ADDED ENTRY--TOPICAL TERM
Topical term or geographic name entry element Homosexuality
General subdivision Biblical teaching.
Source of heading or term fast
Authority record control number or standard number (OCoLC)fst00959757
9 (RLIN) 4773
776 08 - ADDITIONAL PHYSICAL FORM ENTRY
Relationship information Online version:
Main entry heading DeYoung, Kevin.
Title What does the Bible really teach about homosexuality?
Place, publisher, and date of publication Wheaton : Crossway, 2015
International Standard Book Number 9781433549380
Record control number (DLC) 2015007515
942 ## - ADDED ENTRY ELEMENTS (KOHA)
Source of classification or shelving scheme Dewey Decimal Classification
Koha item type Books
Koha issues (borrowed), all copies 14
Holdings
Withdrawn status Lost status Source of classification or shelving scheme Damaged status Not for loan Home library Current Library Shelving location Date acquired Source of acquisition Cost, normal purchase price Total checkouts Total renewals Full call number Barcode Date last seen Date last checked out Copy number Cost, replacement price Price effective from Koha item type
    Dewey Decimal Classification     GRACE BIBLE COLLEGE GRACE BIBLE COLLEGE Theology 2019-01-30 11 250.00 8 1 241.664 DEY 014932 2025-10-06 2025-09-29 c.5 250.00 2019-01-30 Books
    Dewey Decimal Classification     GRACE BIBLE COLLEGE GRACE BIBLE COLLEGE Theology 2019-01-30 11 250.00 2   241.664 DEY 014931 2025-05-01 2024-07-15 c.4 250.00 2019-01-30 Books
    Dewey Decimal Classification     GRACE BIBLE COLLEGE GRACE BIBLE COLLEGE Theology 2019-01-30 11 250.00 5   241.664 DEY 014930 2025-07-15 2025-07-11 c.3 250.00 2019-01-30 Books
    Dewey Decimal Classification     GRACE BIBLE COLLEGE GRACE BIBLE COLLEGE Theology 2019-01-30 11 250.00 2   241.664 DEY 014929 2025-05-01 2024-09-09 c.2 250.00 2019-01-30 Books
    Dewey Decimal Classification     GRACE BIBLE COLLEGE GRACE BIBLE COLLEGE Theology 2019-01-30 11 250.00 1   241.664 DEY 014928 2025-05-01 2023-10-30 c.1 250.00 2019-01-30 Books
© Grace Bible College Library 2025